000 00245nam a2200097Ia 4500
005 20251222114408.0
008 251222s1900||||xx |||||||||||||| ||spa||
082 _aDVD0070/T48/2008
245 0 _aPetrĂ³leo sangriento:There will be blood
942 _cDVD
999 _c1920
_d1920